000 00654nam a2200241Ia 4500
003 OSt
005 20221006160613.0
006 a|||||r|||| 00| 0
007 ta
008 221006b |||||||| |||| 00| 0 kor d
020 _a8809104052678
_cW13200
024 _a45,604
037 _bGift, KCC (Window on Korea)
_cAudio
040 _aEASL
_cEASL
_bkor
041 _2kor
_akor
082 _aCD00018
245 0 _aMuyongga’Choi Seunghee’=The story of a Dancer’Choi Seunghee
300 _ap.
_ccm.
490 _v KCD
650 _aCD
_9674321
942 _hCD00018
_cAUD
_2CC
999 _c1113696
_d1113696